000 01048cam a2200349Ma 4500
001 73315
003 BJBSDDR
005 20241028155948.0
007 ta
008 241028s2018 fr b 000 0 fre d
020 _a 9782275054599
020 _a2275054596
029 1 _aZWZ
_b112406505
035 _a(OCoLC)ocn182733327
035 _a(OCoLC)182733327
040 _aMUQ
_bspa
_cMUQ
_dBDF
041 _afre
043 _ae-fr---
049 _aGRAL
050 1 4 _aKJV 5545.8
_bC723d 2008
082 1 _a342
_222
100 1 _aColson, Jean-Philippe
_939213
245 1 0 _aDroit public économique /
_cJean-Philippe Colson, Pascale Idoux.
250 _a9e éd.
260 _aLGDJ, Lextenso ediciones :
_bIssy-les-Moulineaux, DL.,
_c2018.
300 _a822 pages ;
_c22 cm.
440 0 _aManuels
_934096
650 6 _aDroit public économique
_zFrance.
650 4 _aDerecho público económico
_zFrancia
_919857
_vLibros de texto de educación superior
830 0 _aCollection Mise au point (Ellipses (Firme))
942 _2lcc
_cBK
999 _c122351
_d122351